书目信息 |
| 题名: |
豆类食品加工与配方
|
|
| 作者: | 沈群 编 | |
| 分册: | ||
| 出版信息: | 北京 化学工业出版社 1999.01 |
|
| 页数: | 119页 | |
| 开本: | 32开 | |
| 丛书名: | ||
| 单 册: | ||
| 中图分类: | TS214.4 | |
| 科图分类: | ||
| 主题词: | 粮食加工--食品工业 , 粮食加工 | |
| 电子资源: | ||
| ISBN: | 7-5025-2455-X | |
| 000 | 00586nam0 2200205 45 | |
| 001 | 0011161851 | |
| 005 | 20001116185525.1 | |
| 010 | @a7-5025-2455-X@d5.00元 | |
| 100 | @a20001116d1999 km y0chiy0120 ea | |
| 101 | 0 | @achi |
| 105 | @a z 000yy | |
| 200 | 1 | @a豆类食品加工与配方@ADou Lei Shi Pin Jia Gong Yu Pei Fang@f沈群编@FShen Qun Bian |
| 210 | @a北京@c化学工业出版社@d1999.01 | |
| 215 | @a119页@d32开 | |
| 606 | 0 | @a粮食加工@x食品工业 |
| 606 | 0 | @a粮食加工 |
| 690 | @aTS214.4@v3 | |
| 701 | 0 | @a沈群@4编 |
| 801 | @aCN@bPftUser@c20001116 | |
| 905 | @b409930-932@dTS214.4@eSH.870@f3 | |
| 豆类食品加工与配方/沈群编.-北京:化学工业出版社,1999.01 |
| 119页;32开 |
| ISBN 7-5025-2455-X:5.00元 |
| ● |
| 相关链接 |
|
|
|
正题名:豆类食品加工与配方
索取号:TS214.4/SH.870
 
预约/预借
| 序号 | 登录号 | 条形码 | 馆藏地/架位号 | 状态 | 备注 |
| 1 | 409930 | 204099304 | 自科二线504/110考试书库 4排2列5层/ [索取号:TS214.4/SH.870] | 在馆 | |
| 2 | 409931 | 204099313 | 自科二线504/201建筑库 41排7列5层/ [索取号:TS214.4/SH.870] | 在馆 | |
| 3 | 409932 | 204099322 | 自科二线504/110考试书库 4排2列5层/ [索取号:TS214.4/SH.870] | 在馆 |